01177nam a2200229 i 4500001000700000003000900007005001700016008004100033080001200074100003200086245025400118250012000372260008200492300002200574505008000596530003500676650002500711650003800736700004700774852003700821856008900858163696ES-MaACL20231221194635.0951113s1876 sp |||| | spa d a343.2111 aRöder, Karl David August.14aLas doctrinas fundamentales reinantes sobre el delito y la pena en sus interiores contradicciones : bensayo crítico preparatorio para la renovación del derecho penal / cCarlos David Augusto Röder ; traducido del alemán por Francisco Giner. a3ª ed., rev. y corr. por el autor y aum. con una memoria del mismo sobre la "Reforma del sistema penal español". aMadrid : bLibrería de Victoriano Suárez, c1876 (fImp. de J.M. Pérez) a366 p. ; c18 cm.8 aContiene: Reforma del sistema penal español mediante el régimen celular aDisponible en formato digital. 4aTeoría de la pena. aDerecho penitenciario-zEspaña.1 aGiner de los Ríos, Francisco,d1839-1915 aES-MaACLjF-12598 z- Enc. hol. uhttp://bdh-rd.bne.es/viewer.vm?id=0000113442&page=1 zBiblioteca Digital Hispánica